Bioinorganic catalysis

Gardado en:
Detalles Bibliográficos
Autor Principal: Reedijk, Jan (Author)
Formato: Libro
Idioma:inglés
Publicado: Nueva York Marcel Dekker 1993
Subjects:
Tags: Engadir etiqueta
Sen Etiquetas, Sexa o primeiro en etiquetar este rexistro!

MARC

LEADER 00000nam a2200000 a 4500
001 UCX9374
003 CL-VaPUC
008 940601e19930000US |||||||||||||||||eng|d
082 0 4 |a 541.395  |b REE  |2 21 
100 0 |a Reedijk, Jan  |e author  |9 326764 
245 1 0 |a Bioinorganic catalysis 
300 |a 482 p 
942 |c BK 
945 |d 19940601 00:00:00  |a mfernand 
260 |a Nueva York  |b Marcel Dekker  |c 1993 
650 0 |a Catálisis  |9 259915 
650 0 |a Enzimas  |9 262984 
583 |a last modification  |c 19940601 00:00:00  |k Rodrigo Vera 
999 |c 228634  |d 228632